000 00600nam a2200217Ia 4500
003 OSt
005 20220926042254.0
006 a|||||r|||| 00| 0
007 ta
008 220923b |||||||| |||| 00| 0 eng d
037 _cGeneral Book
040 _aRTL
_cRTL
_beng
041 _2eng
_aeng
082 _aY720r(X9).613.N5, J8
100 _aWatson William
_9109763
245 0 _aTribal cohesion in a money economy
_b A study of the
260 _c1958
650 _aTribes
_940733
942 _hY720r(X9).613.N5, J8
_cGB
_2CC
999 _c669334
_d669334